Central Library OPAC University of Rajshahi

Social disorganization / (Record no. 2178)

MARC details
000 -LEADER
fixed length control field 00733nam a2200253 a 4500
001 - CONTROL NUMBER
control field 2178
003 - CONTROL NUMBER IDENTIFIER
rucl marc code BD-RjUL
005 - DATE AND TIME OF LATEST TRANSACTION
control field 20211208233511.0
008 - FIXED-LENGTH DATA ELEMENTS--GENERAL INFORMATION
fixed length control field 150514s1950 nyu 1 0 eng d
035 ## - SYSTEM CONTROL NUMBER
System control number (BD-RjUL)2205
040 ## - CATALOGING SOURCE
Original cataloging agency NUN
Language of cataloging eng
Transcribing agency NUN
Modifying agency ANL
-- BD-RjUL
041 ## - LANGUAGE CODE
Language code of text/sound track or separate title eng
082 04 - DEWEY DECIMAL CLASSIFICATION NUMBER
Classification number 301.246
Author mark and year ELS 1950
100 1# - MAIN ENTRY--PERSONAL NAME
Personal name Elliott, Mabel Agnes.
9 (RLIN) 116718
245 10 - TITLE STATEMENT
Title Social disorganization /
Statement of responsibility, etc. by M.A.Elliott and F.E.Merrill.
250 ## - EDITION STATEMENT
Edition statement 3rd ed.
260 ## - PUBLICATION, DISTRIBUTION, ETC. (IMPRINT)
Place of publication, distribution, etc. N.Y. :
Name of publisher, distributor, etc. Harper,
Date of publication, distribution, etc. 1950.
300 ## - PHYSICAL DESCRIPTION
Pagination xiv, 748 p. ;
Size 25 cm.
500 ## - GENERAL NOTE
General note Includes index.
650 #0 - SUBJECT ADDED ENTRY--TOPICAL TERM
Topical term or geographic name as entry element Social problems.
9 (RLIN) 116720
700 1# - ADDED ENTRY--PERSONAL NAME
Personal name Merrill, Francis Ellsworth,
Dates associated with a name 1904-
942 ## - ADDED ENTRY ELEMENTS (KOHA)
Source of classification or shelving scheme Dewey Decimal Classification
Koha item type Books
Holdings
Lost status Source of classification or shelving scheme Damaged status Not for loan Collection code Permanent Location Current Location Shelving location Date acquired Source of acquisition Cost, normal purchase price Total Checkouts Full call number Date last seen Copy number Koha item type
  Dewey Decimal Classification   Not For Loan Non-fiction Central Library, University of Rajshahi Central Library, University of Rajshahi Reading Room 23/07/1962 Asia foundation 0.00   301.246 ELS 1950 14/05/2015 C-1 Books